Co je špatného na světě. /
Uložené v:
| Hlavný autor: | |
|---|---|
| Médium: | Kniha |
| Jazyk: | Czech English |
| Vydané: |
Praha :
Votobia, nakladatelství a vydavatelství, spol. s r.o.,
1997
|
| Vydanie: | 1. vyd. |
| Témy: | |
| ISBN: |
8072200623 (brož.) |
| Fyzický popis: |
180 s. |
| Tagy: |
Pridať tag
Žiadne tagy, Buďte prvý kto otaguje tento záznam!
|
Titul je dostupný aj v ... 

MARC
| LEADER | 00000nam a2200000 a 4500 | ||
|---|---|---|---|
| 001 | 000044521 | ||
| 003 | SVKK | ||
| 005 | 19980310000000.0 | ||
| 008 | 971111s1997 cs e czeo | ||
| 020 | |a 8072200623 (brož.) | ||
| 040 | |a SVKKK |b slo |c SVKKK |e AACR2 | ||
| 041 | 1 | |a cze |h eng | |
| 044 | |a cs |c CS | ||
| 080 | |a 316 |2 1997 | ||
| 080 | |a 820-4 Chesterton, G. K.=850 |2 1997 | ||
| 100 | 1 | |a Chesterton, Gilbert Keith |4 aut | |
| 245 | 1 | 0 | |a Co je špatného na světě. / |c Gilbert Keith Chesterton |
| 250 | |a 1. vyd. | ||
| 260 | |a Praha : |b Votobia, nakladatelství a vydavatelství, spol. s r.o., |c 1997 | ||
| 300 | |a 180 s. | ||
| 653 | 0 | |a spoločnosť |2 SVKKKPH | |
| 653 | 0 | |a eseje |2 SVKKKPH | |
| 655 | 7 | |a umelecká literatúra |2 SVKKKPH | |
| 910 | |a svkkk | ||
| 919 | |a 80-7220-062-3 | ||
| 974 | |a MI |d 19971202 | ||
| 974 | |a KL |d 19980210 | ||
| 974 | |a EG |d 19980310 | ||
| 998 | |a BK | ||
| 090 | |g SCKHL |k Sklad Pribinova 2. posch. |a III.178678 |j 912555 |i 2720094700 |s Absenčne | ||